000
00283nam a22001217a 4500
020
_a
0-7166-0080-3
082
_a
030 WOR'W
100
_a
WORLD BOOK
_9
75739
245
_a
THE WORLD BOOK ENCYCLOPEDIA L VOLUME - 12
260
_a
USA
_b
WORLD BOOK
_c
1980
300
_a
470P
942
_c
BK
999
_c
581133
_d
581133